[Event "VII Festival A"]
[Site "Savigliano ITA"]
[Date "2009.05.30"]
[Round "3"]
[White "Marello, Giampiero"]
[Black "Blengino, Luca"]
[Result "0-1"]
[WhiteElo "1709"]
[BlackElo "1894"]
[PlyCount "64"]
[EventDate "2009.05.28"]

1. e4 c5 2. Nf3 d6 3. d4 cxd4 4. Nxd4 Nf6 5. Nc3 g6 6. Be3 Bg7 7. Bc4 O-O 8.
O-O Nc6 9. f3 Bd7 10. Qd2 a6 11. Nxc6 Bxc6 12. Bh6 Rc8 13. Bxg7 Kxg7 14. Bb3 b5
15. Rad1 a5 16. a3 Qc7 17. Ne2 Bd7 18. c3 Qc5+ 19. Kh1 Rb8 20. Nd4 b4 21. cxb4
axb4 22. Rc1 Qb6 23. axb4 Qxb4 24. Qxb4 Rxb4 25. Rc4 Rfb8 26. Rxb4 Rxb4 27.
Bxf7 Kxf7 28. Rd1 Rxb2 29. Re1 e5 30. Ne2 Ke6 31. Kg1 Rc2 32. Kf1 Bb5 0-1

[Event "VII Festival A"]
[Site "Savigliano ITA"]
[Date "2009.05.30"]
[Round "3"]
[White "Martin, Tiziano"]
[Black "Vinciguerra, Marco"]
[Result "1-0"]
[WhiteElo "1967"]
[BlackElo "2057"]
[PlyCount "45"]
[EventDate "2009.05.28"]

1. f4 e5 2. fxe5 d6 3. Nf3 Nc6 4. e4 Bg4 5. Bb5 a6 6. Bxc6+ bxc6 7. exd6 cxd6
8. O-O Nf6 9. Nc3 Be7 10. d4 O-O 11. Be3 Rb8 12. b3 d5 13. Qd3 Re8 14. e5 Nd7
15. Qxa6 Qc7 16. Qe2 Bb4 17. Qd3 Qa5 18. Ne2 f6 19. c3 fxe5 20. cxb4 e4 21. Qd2
Qa6 22. b5 Rxb5 23. Ng5 1-0

[Event "VII Festival A"]
[Site "Savigliano ITA"]
[Date "2009.05.30"]
[Round "3"]
[White "Muha, Zdravko"]
[Black "Roversi, Stefano"]
[Result "1-0"]
[WhiteElo "2113"]
[BlackElo "1871"]
[PlyCount "71"]
[EventDate "2009.05.28"]

1. d4 d6 2. c4 Nf6 3. Nc3 g6 4. e4 Bg7 5. Bg5 Nbd7 6. f4 O-O 7. e5 Ne8 8. Nf3
c5 9. exd6 Nxd6 10. d5 Qa5 11. Qd2 Nf5 12. Bd3 Nd4 13. O-O Nf6 14. Nxd4 cxd4
15. Ne4 Qxd2 16. Nxd2 Ng4 17. Bxe7 Re8 18. d6 Ne3 19. Rfe1 Bd7 20. Nf3 Bc6 21.
Kf2 a6 22. Rac1 Rac8 23. h3 Bd7 24. Ne5 Bxe5 25. fxe5 Rc5 26. Bf6 Rec8 27. e6
Bxe6 28. Bxd4 Nxc4 29. Bxc5 Rxc5 30. b3 Ne5 31. Be4 Ra5 32. Re2 f5 33. Bb1 Kf7
34. Rc7+ Kf6 35. Rd2 Rb5 36. d7 1-0

[Event "VII Festival A"]
[Site "Savigliano ITA"]
[Date "2009.05.30"]
[Round "3"]
[White "Petritaj, Ferdinando"]
[Black "Borgo, Giulio"]
[Result "0-1"]
[WhiteElo "2192"]
[BlackElo "2440"]
[PlyCount "112"]
[EventDate "2009.05.28"]

1. d4 d5 2. c4 e6 3. Nc3 c6 4. Nf3 Nf6 5. Bg5 Nbd7 6. cxd5 exd5 7. e3 Qa5 8.
Bd3 Ne4 9. Qc2 Nxg5 10. Nxg5 h6 11. Nf3 Bd6 12. O-O O-O 13. e4 dxe4 14. Nxe4
Qc7 15. Rfe1 Nb6 16. Nxd6 Qxd6 17. Qc5 Qd8 18. Ne5 Be6 19. Re3 Nd5 20. Rg3 Qb6
21. Qc1 Kh8 22. Nf3 Rad8 23. Qd2 Qb4 24. Qe2 Nf6 25. Rd1 Rfe8 26. a3 Qd6 27.
Bc2 Bg4 28. Qd3 Bxf3 29. Rxf3 Qxd4 30. Qxd4 Rxd4 31. Kf1 Rxd1+ 32. Bxd1 Rd8 33.
Ke1 Kg8 34. Rb3 Rd7 35. Bf3 Kf8 36. Rc3 Ke7 37. b4 Kd8 38. a4 Nd5 39. Rb3 b6
40. Ke2 Kc7 41. h4 Rd6 42. g3 Ne7 43. Ke3 Nf5+ 44. Ke4 Nd4 45. Rc3 Nxf3 46.
Rxf3 Rf6 47. Rxf6 gxf6 48. h5 Kd6 49. f4 Ke6 50. Kd4 c5+ 51. bxc5 bxc5+ 52. Kc4
f5 53. a5 a6 54. Kc3 Kd5 55. Kd3 c4+ 56. Kc3 Kc5 0-1

[Event "VII Festival A"]
[Site "Savigliano ITA"]
[Date "2009.05.30"]
[Round "3"]
[White "Piantadosi, Angelo"]
[Black "Aglietti, Graziano"]
[Result "1-0"]
[WhiteElo "1685"]
[BlackElo "2020"]
[PlyCount "77"]
[EventDate "2009.05.28"]

1. e4 e6 2. d4 d5 3. exd5 exd5 4. Bd3 Bd6 5. Ne2 Bg4 6. O-O Qh4 7. g3 Qh3 8.
Qe1 Ne7 9. f3 Be6 10. Nf4 Bxf4 11. Bxf4 Nbc6 12. c3 O-O-O 13. Rf2 Rde8 14. Re2
h5 15. Re5 h4 16. Bf1 hxg3 17. Bxh3 gxh2+ 18. Bxh2 Bxh3 19. Qg3 Kb8 20. Re2 Rh6
21. Qxc7+ Ka8 22. Bd6 Rc8 23. Rxe7 Rxc7 24. Bxc7 Nxe7 25. Nd2 Re6 26. Kf2 b6
27. Rh1 Kb7 28. Be5 f6 29. Bxf6 gxf6 30. Rxh3 a5 31. Nf1 Nf5 32. Rh5 Ne7 33.
Ne3 Kc6 34. Rh6 Ng8 35. Rg6 Ne7 36. Rg7 Kd6 37. Rf7 Ng6 38. Nf5+ Kc6 39. Kg3
1-0

[Event "VII Festival A"]
[Site "Savigliano ITA"]
[Date "2009.05.30"]
[Round "3"]
[White "Piscopo, Pierluigi"]
[Black "Guido, Flavio"]
[Result "1-0"]
[WhiteElo "2405"]
[BlackElo "2396"]
[PlyCount "71"]
[EventDate "2009.05.28"]

1. e4 c5 2. Nf3 e6 3. Qe2 Nc6 4. g3 g6 5. Bg2 Bg7 6. c3 e5 7. d3 Nge7 8. a3 O-O
9. b4 b6 10. O-O d5 11. exd5 Nxd5 12. Bb2 Re8 13. Qc2 cxb4 14. axb4 Bb7 15. Na3
a5 16. b5 Na7 17. Rfe1 Qd7 18. Qb3 Rad8 19. Rad1 Qc7 20. Nc4 Nc8 21. Rb1 h6 22.
Ncxe5 Bxe5 23. Nxe5 Rxe5 24. Rxe5 Qxe5 25. c4 a4 26. Bxe5 axb3 27. cxd5 Bxd5
28. Bc7 Rd7 29. Bxd5 Rxd5 30. Rxb3 g5 31. Kg2 Kf8 32. Kf3 Ke7 33. Ke4 Ke6 34.
d4 Rd7 35. Rc3 f5+ 36. Kd3 1-0

[Event "VII Festival A"]
[Site "Savigliano ITA"]
[Date "2009.05.30"]
[Round "3"]
[White "Ravazzolo, Gaia"]
[Black "Gallitto, Salvatore"]
[Result "1/2-1/2"]
[WhiteElo "1675"]
[BlackElo "1957"]
[PlyCount "56"]
[EventDate "2009.05.28"]

1. d4 d5 2. Nf3 e6 3. c4 c6 4. Nc3 f5 5. Bf4 Nf6 6. e3 Be7 7. Be2 O-O 8. h3 Bd7
9. Qb3 Bc8 10. O-O Ne4 11. Rfd1 g5 12. Be5 Nd7 13. cxd5 Nxc3 14. bxc3 exd5 15.
c4 Nb6 16. a4 dxc4 17. Bxc4+ Nxc4 18. Qxc4+ Qd5 19. Qxd5+ cxd5 20. Rac1 Bd8 21.
Rc5 g4 22. hxg4 fxg4 23. Ne1 Be6 24. Nd3 Bb6 25. Rc3 Rac8 26. Rdc1 Rxc3 27.
Rxc3 Rc8 28. Rxc8+ Bxc8 1/2-1/2

[Event "VII Festival A"]
[Site "Savigliano ITA"]
[Date "2009.05.30"]
[Round "3"]
[White "Ravazzolo, Gildo"]
[Black "Medaglia, Enzo"]
[Result "1-0"]
[WhiteElo "1479"]
[BlackElo "1756"]
[PlyCount "43"]
[EventDate "2009.05.28"]

1. Nf3 c5 2. c4 d6 3. d3 Nf6 4. Nc3 e6 5. e3 Be7 6. Be2 O-O 7. O-O Bd7 8. Qc2
Qc7 9. b3 Nc6 10. a3 Rad8 11. Bb2 Bc8 12. Rac1 Qb8 13. Rfd1 a6 14. d4 d5 15.
dxc5 Bxc5 16. cxd5 Ne7 17. Ne4 Nxe4 18. Qxe4 exd5 19. Qh4 Ng6 20. Qh5 Bd6 21.
Bd3 f5 22. Ng5 1-0

[Event "VII Festival A"]
[Site "Savigliano ITA"]
[Date "2009.05.30"]
[Round "3"]
[White "Sarno, Spartaco"]
[Black "Astengo, Marcello"]
[Result "1/2-1/2"]
[WhiteElo "2332"]
[BlackElo "2114"]
[PlyCount "43"]
[EventDate "2009.05.28"]

1. d4 d5 2. Nf3 c5 3. c4 e6 4. cxd5 exd5 5. g3 Nf6 6. Bg2 Nc6 7. O-O Be7 8. Nc3
O-O 9. dxc5 Bxc5 10. Bg5 Be6 11. Rc1 Be7 12. Nd4 Nxd4 13. Qxd4 Qa5 14. Bd2 Qa6
15. Qa4 Qxa4 16. Nxa4 Rac8 17. Be3 b6 18. Nc3 Bc5 19. Bg5 d4 20. Bxf6 dxc3 21.
Bxc3 Bxa2 22. Ra1 1/2-1/2

[Event "VII Festival A"]
[Site "Savigliano ITA"]
[Date "2009.05.30"]
[Round "3"]
[White "Sorcinelli, Francesco"]
[Black "Longo, Luigi"]
[Result "0-1"]
[WhiteElo "2116"]
[BlackElo "1931"]
[PlyCount "56"]
[EventDate "2009.05.28"]

1. e4 e6 2. Nf3 d5 3. Nc3 Nf6 4. e5 Nfd7 5. d4 c5 6. dxc5 Nxc5 7. Bb5+ Bd7 8.
O-O a6 9. Bxd7+ Ncxd7 10. Re1 Nc6 11. Nxd5 exd5 12. e6 Nc5 13. exf7+ Kxf7 14.
Ng5+ Kg8 15. Bf4 Qd7 16. Qd2 h6 17. Nf3 g5 18. Bg3 Rh7 19. Rad1 Re7 20. Rxe7
Bxe7 21. c4 d4 22. b4 Ne6 23. b5 axb5 24. cxb5 Nb4 25. Ne5 Qxb5 26. h4 Rxa2 27.
Qc1 Qc5 28. Qb1 Qc2 0-1

[Event "VII Festival A"]
[Site "Savigliano ITA"]
[Date "2009.05.30"]
[Round "3"]
[White "Topczewski, Damian"]
[Black "Pulito, Alberto"]
[Result "0-1"]
[WhiteElo "2077"]
[BlackElo "2256"]
[PlyCount "56"]
[EventDate "2009.05.28"]

1. e4 e6 2. d4 d5 3. Nc3 Bb4 4. e5 c5 5. a3 Bxc3+ 6. bxc3 Ne7 7. Qg4 Qc7 8.
Qxg7 Rg8 9. Qxh7 cxd4 10. Ne2 Nbc6 11. f4 Bd7 12. Qd3 dxc3 13. Nxc3 a6 14. h3
Na5 15. g4 O-O-O 16. Bg2 Nc4 17. Rb1 Qc5 18. Ne2 Nf5 19. Bxd5 Qxd5 20. Qxd5
exd5 21. gxf5 Bxf5 22. Nd4 Be4 23. Rf1 Rg2 24. Ne2 Bxc2 25. Ra1 d4 26. Rg1 Rh2
27. Ng3 d3 28. Nf1 Re2# 0-1

[Event "VII Festival A"]
[Site "Savigliano ITA"]
[Date "2009.05.30"]
[Round "3"]
[White "Torrione, William"]
[Black "Faraoni, Enrico"]
[Result "0-1"]
[WhiteElo "1939"]
[BlackElo "2085"]
[PlyCount "98"]
[EventDate "2009.05.28"]

1. d4 h6 2. c4 g5 3. Nc3 Bg7 4. e4 c5 5. d5 Bxc3+ 6. bxc3 Qa5 7. Qb3 d6 8. Qb5+
Qxb5 9. cxb5 Nf6 10. f3 Nbd7 11. Bb2 Rg8 12. c4 a6 13. a4 Kd8 14. Bd3 Ne5 15.
Kd2 Kc7 16. Ne2 e6 17. Bxe5 dxe5 18. g4 h5 19. h3 Bd7 20. Nc3 Rh8 21. Rhb1 hxg4
22. hxg4 Rh2+ 23. Be2 Rah8 24. bxa6 bxa6 25. a5 R8h3 26. Rf1 Ne8 27. Ke3 Nd6
28. Rf2 f5 29. Rxh2 Rxh2 30. dxe6 f4+ 31. Kd3 Bxe6 32. Nd5+ Bxd5 33. exd5 e4+
34. fxe4 Nf7 35. Re1 Ne5+ 36. Kc3 Kd6 37. Bd1 Rh3+ 38. Kc2 Nxc4 39. Be2 Re3 40.
Kd1 Rxe4 41. Bxc4 Rxc4 42. Re6+ Kxd5 43. Rxa6 Ke4 44. Rg6 Ra4 45. a6 Kd3 46.
Rd6+ Ke3 47. Rd5 f3 48. Rxc5 Ra1+ 49. Kc2 f2 0-1

[Event "VII Festival A"]
[Site "Savigliano ITA"]
[Date "2009.05.30"]
[Round "4"]
[White "Aglietti, Graziano"]
[Black "Martin, Tiziano"]
[Result "1-0"]
[WhiteElo "2020"]
[BlackElo "1967"]
[PlyCount "43"]
[EventDate "2009.05.28"]

1. e4 e5 2. Nf3 Nc6 3. Bc4 d6 4. d4 exd4 5. Nxd4 Nf6 6. Nc3 Be7 7. O-O O-O 8.
Re1 Bd7 9. Bg5 Ng4 10. Bf4 Bf6 11. Nxc6 bxc6 12. h3 Ne5 13. Bb3 Re8 14. Be3 Ng6
15. Bd4 Be5 16. Bxe5 Rxe5 17. Qf3 Qe7 18. Qg3 Rg5 19. Qe3 Qf6 20. Ne2 Nh4 21.
Ng3 Qg6 22. Qf4 1-0

[Event "VII Festival A"]
[Site "Savigliano ITA"]
[Date "2009.05.30"]
[Round "4"]
[White "Ariaudo, Claudio"]
[Black "Sarno, Spartaco"]
[Result "0-1"]
[WhiteElo "2023"]
[BlackElo "2332"]
[PlyCount "66"]
[EventDate "2009.05.28"]

1. d4 Nf6 2. c4 g6 3. Nc3 Bg7 4. e4 d6 5. Nf3 O-O 6. Be2 e5 7. dxe5 dxe5 8.
Qxd8 Rxd8 9. Bg5 c6 10. Nxe5 Re8 11. f4 Na6 12. O-O Nc5 13. Bf3 Ne6 14. Bxf6
Bxf6 15. Nd3 Bxc3 16. bxc3 Bd7 17. Ne5 Rad8 18. g3 Nc5 19. Nxd7 Rxd7 20. e5 Rd3
21. Rad1 Rxc3 22. Rc1 Rd3 23. Rcd1 Ra3 24. Rd2 Rc3 25. Be2 Kg7 26. Rfd1 f6 27.
exf6+ Kxf6 28. Kf1 h5 29. Rb1 h4 30. Kg2 hxg3 31. hxg3 Rxg3+ 32. Kxg3 Ne4+ 33.
Kg4 Nxd2 0-1

[Event "VII Festival A"]
[Site "Savigliano ITA"]
[Date "2009.05.30"]
[Round "4"]
[White "Astengo, Marcello"]
[Black "Finocchiaro, Gianluca"]
[Result "1/2-1/2"]
[WhiteElo "2114"]
[BlackElo "2064"]
[PlyCount "83"]
[EventDate "2009.05.28"]

1. d4 d6 2. e4 Nf6 3. f3 e5 4. c3 Be7 5. Bc4 O-O 6. Be3 c6 7. Nd2 exd4 8. Bxd4
d5 9. exd5 cxd5 10. Bd3 Nc6 11. Bf2 Re8 12. Ne2 Bd6 13. Bh4 Qe7 14. Qc2 Bf5 15.
Nb3 Qxe2+ 16. Qxe2 Bxd3 17. Qxe8+ Rxe8+ 18. Kd2 Bg6 19. Rae1 Ne5 20. Bg3 Nh5
21. Bxe5 Bxe5 22. g3 Nf6 23. Na5 Re7 24. Kc1 Kf8 25. f4 Bc7 26. Rxe7 Kxe7 27.
Nxb7 Bb6 28. a4 Ne4 29. Re1 Kd7 30. a5 Bf2 31. Re2 Bh5 32. Rc2 Kc7 33. a6 Bb6
34. b3 Nc5 35. Nxc5 Bxc5 36. Kb2 Bg6 37. Re2 Bd3 38. Re8 Kd7 39. Rg8 Bg6 40.
Rxg7 Ke6 41. Rg8 Bd3 42. Rc8 1/2-1/2

[Event "VII Festival A"]
[Site "Savigliano ITA"]
[Date "2009.05.30"]
[Round "4"]
[White "Barletta, Mauro"]
[Black "Pepino, Enrico"]
[Result "1-0"]
[WhiteElo "2224"]
[BlackElo "2148"]
[PlyCount "79"]
[EventDate "2009.05.28"]

1. e4 c5 2. c3 d5 3. exd5 Qxd5 4. d4 Nf6 5. Nf3 g6 6. Na3 Bg7 7. Bc4 Qe4+ 8.
Be3 O-O 9. O-O cxd4 10. Bxd4 Nc6 11. Re1 Qf5 12. Nb5 Nxd4 13. Nbxd4 Qc5 14. Qb3
e6 15. Ne5 Qb6 16. Qa3 Nd7 17. Nxf7 Rxf7 18. Bxe6 Nf8 19. Bxf7+ Kxf7 20. b4 Ne6
21. Qb3 Bd7 22. Rad1 Re8 23. Nf5 gxf5 24. Rxd7+ Re7 25. Rd5 f4 26. Rf5+ Kg6 27.
Rxf4 Nxf4 28. Rxe7 Qf6 29. Qc2+ Kh6 30. Re3 Bf8 31. Qe4 Bd6 32. g3 Nh3+ 33. Kg2
Ng5 34. Qh4+ Kg6 35. f4 Ne6 36. Qg4+ Kf7 37. Qh5+ Qg6 38. Qd5 Bxf4 39. Rxe6
Qxe6 40. Qxe6+ 1-0

[Event "VII Festival A"]
[Site "Savigliano ITA"]
[Date "2009.05.30"]
[Round "4"]
[White "Blengino, Luca"]
[Black "Ravazzolo, Gaia"]
[Result "1-0"]
[WhiteElo "1894"]
[BlackElo "1675"]
[PlyCount "63"]
[EventDate "2009.05.28"]

1. d4 d5 2. Nf3 c6 3. c4 Nf6 4. Nc3 a6 5. e3 b5 6. cxd5 cxd5 7. h3 Bb7 8. Bd3
e6 9. O-O Bd6 10. Ne5 Nbd7 11. f4 Qc7 12. Qf3 Nb6 13. g4 O-O-O 14. g5 Ng8 15.
Ne2 Kb8 16. b3 g6 17. Bb2 f5 18. Rfc1 Qg7 19. a4 b4 20. Nc6+ Bxc6 21. Rxc6 Qb7
22. Rac1 Ne7 23. R6c5 Bxc5 24. dxc5 d4 25. Qxb7+ Kxb7 26. cxb6 Rc8 27. Rc7+
Rxc7 28. bxc7 Kxc7 29. Nxd4 Rc8 30. Bxa6 Ra8 31. Nxe6+ Kd6 32. Bc4 1-0

[Event "VII Festival A"]
[Site "Savigliano ITA"]
[Date "2009.05.30"]
[Round "4"]
[White "Borgo, Giulio"]
[Black "Piscopo, Pierluigi"]
[Result "1/2-1/2"]
[WhiteElo "2440"]
[BlackElo "2405"]
[PlyCount "51"]
[EventDate "2009.05.28"]

1. e4 c5 2. Nf3 Nc6 3. Bb5 Nf6 4. Nc3 Qc7 5. O-O Nd4 6. Re1 a6 7. Bf1 Ng4 8. g3
Nxf3+ 9. Qxf3 Ne5 10. Qd1 e6 11. b3 Be7 12. Bb2 O-O 13. Bg2 d6 14. Ne2 Bf6 15.
d4 cxd4 16. Bxd4 Rd8 17. Qd2 Bd7 18. Rac1 b5 19. h3 Bc6 20. f4 Rac8 21. Bf2 Nd7
22. c4 e5 23. cxb5 axb5 24. Rc2 Nc5 25. Nc3 Qb7 26. f5 1/2-1/2

[Event "VII Festival A"]
[Site "Savigliano ITA"]
[Date "2009.05.30"]
[Round "4"]
[White "Faraoni, Enrico"]
[Black "Muha, Zdravko"]
[Result "1/2-1/2"]
[WhiteElo "2085"]
[BlackElo "2113"]
[PlyCount "41"]
[EventDate "2009.05.28"]

1. g4 d5 2. Bg2 c6 3. h3 e5 4. d4 exd4 5. Qxd4 Nd7 6. Nc3 Qf6 7. Qxf6 Ngxf6 8.
g5 Ng8 9. e4 dxe4 10. Nxe4 Nc5 11. Be3 Nxe4 12. Bxe4 Ne7 13. O-O-O Nf5 14. Bf4
Bc5 15. Nf3 f6 16. gxf6 gxf6 17. c3 Be6 18. Rhe1 Kf7 19. Bc2 Rad8 20. Rxd8 Rxd8
21. Re2 1/2-1/2

[Event "VII Festival A"]
[Site "Savigliano ITA"]
[Date "2009.05.30"]
[Round "4"]
[White "Gallitto, Salvatore"]
[Black "Sorcinelli, Francesco"]
[Result "0-1"]
[WhiteElo "1957"]
[BlackElo "2116"]
[PlyCount "46"]
[EventDate "2009.05.28"]

1. d4 c5 2. e3 g6 3. c3 Qc7 4. Be2 Bg7 5. Nd2 Nf6 6. h4 h6 7. Nh3 d6 8. Nf4 e5
9. dxe5 dxe5 10. Nd3 O-O 11. e4 Rd8 12. Qc2 Be6 13. f3 Nh5 14. Nf1 c4 15. Nf2
Nf4 16. Ne3 b5 17. g3 Nxe2 18. Kxe2 Nc6 19. Rd1 Nd4+ 20. cxd4 exd4 21. Rxd4
Bxd4 22. Nf1 c3 23. bxc3 Qxc3 0-1

[Event "VII Festival A"]
[Site "Savigliano ITA"]
[Date "2009.05.30"]
[Round "4"]
[White "Guido, Flavio"]
[Black "Topczewski, Damian"]
[Result "1-0"]
[WhiteElo "2396"]
[BlackElo "2077"]
[PlyCount "59"]
[EventDate "2009.05.28"]

1. e4 c5 2. c3 Nf6 3. e5 Nd5 4. d4 cxd4 5. Nf3 Nc6 6. Bc4 Nb6 7. Bb3 d5 8. exd6
Qxd6 9. O-O Be6 10. Na3 dxc3 11. Qe2 Bxb3 12. Nb5 Qb8 13. axb3 f6 14. bxc3 e5
15. Be3 Nd5 16. Bxa7 Nxc3 17. Qc4 Nxa7 18. Nc7+ Kd7 19. Nxa8 Qxa8 20. Qxc3 Qb8
21. Qc4 Ke8 22. Rfd1 Nc6 23. b4 Be7 24. b5 Nd8 25. Rac1 g6 26. h4 h6 27. Qg4
Kf7 28. Rc8 Qa7 29. Qc4+ Ke8 30. Rdxd8+ 1-0

[Event "VII Festival A"]
[Site "Savigliano ITA"]
[Date "2009.05.30"]
[Round "4"]
[White "Longo, Luigi"]
[Black "Gallucci, Alessio"]
[Result "0-1"]
[WhiteElo "1931"]
[BlackElo "2240"]
[PlyCount "38"]
[EventDate "2009.05.28"]

1. d4 Nf6 2. Nf3 e6 3. Bg5 h6 4. Bh4 b6 5. Nbd2 Bb7 6. e3 Be7 7. Bd3 g5 8. Bg3
g4 9. Ne5 h5 10. O-O d6 11. Nec4 Nd5 12. c3 Nd7 13. e4 h4 14. exd5 hxg3 15.
hxg3 Bxd5 16. Ne3 Bb7 17. Nxg4 f5 18. Qe2 Nf8 19. Rae1 fxg4 0-1

[Event "VII Festival A"]
[Site "Savigliano ITA"]
[Date "2009.05.30"]
[Round "4"]
[White "Manni, Stefano"]
[Black "Piantadosi, Angelo"]
[Result "0-1"]
[WhiteElo "2036"]
[BlackElo "1685"]
[PlyCount "32"]
[EventDate "2009.05.28"]

1. d4 d5 2. Nf3 Nf6 3. e3 e6 4. Bd3 c5 5. c3 Nc6 6. Nbd2 Bd6 7. O-O O-O 8. Re1
b6 9. e4 dxe4 10. Nxe4 Nxe4 11. Bxe4 Bb7 12. Bxh7+ Kxh7 13. Ng5+ Kg6 14. Qg4 f5
15. Qh4 Rh8 16. Rxe6+ Qf6 0-1

[Event "VII Festival A"]
[Site "Savigliano ITA"]
[Date "2009.05.30"]
[Round "4"]
[White "Medaglia, Enzo"]
[Black "Marello, Giampiero"]
[Result "0-1"]
[WhiteElo "1756"]
[BlackElo "1709"]
[PlyCount "75"]
[EventDate "2009.05.28"]

1. e4 e5 2. Nf3 Nc6 3. Bb5 Nf6 4. O-O d6 5. Nc3 a6 6. Be2 Be7 7. a4 O-O 8. d3
Bg4 9. Be3 Bh5 10. h3 h6 11. d4 Bxf3 12. Bxf3 exd4 13. Bxd4 Nxd4 14. Qxd4 Nd7
15. Be2 Bf6 16. Qd2 Ne5 17. f4 Ng6 18. Rae1 Bh4 19. Rd1 Re8 20. Rf3 Bf6 21. Bd3
Bd4+ 22. Kh1 Bc5 23. Ne2 Qf6 24. c3 Nh4 25. Rff1 Re7 26. f5 Rae8 27. g3 d5 28.
exd5 Re3 29. b4 Bd6 30. gxh4 Rxh3+ 31. Kg1 Ree3 32. Rf2 Qxh4 33. Kf1 Rh1+ 34.
Ng1 Qh3+ 35. Rg2 Bh2 36. Qf2 Rxg1+ 37. Qxg1 Bxg1 38. Be2 0-1

[Event "VII Festival A"]
[Site "Savigliano ITA"]
[Date "2009.05.30"]
[Round "4"]
[White "Moncelli, Giorgio"]
[Black "Petritaj, Ferdinando"]
[Result "0-1"]
[WhiteElo "2071"]
[BlackElo "2192"]
[PlyCount "134"]
[EventDate "2009.05.28"]

1. Nf3 Nf6 2. d4 e6 3. Bg5 h6 4. Bh4 Be7 5. e3 b6 6. Bd3 Bb7 7. Nbd2 O-O 8. O-O
d6 9. c3 Nbd7 10. Re1 c5 11. a4 a6 12. Qe2 Nh5 13. Bxe7 Qxe7 14. Nc4 Nhf6 15.
dxc5 bxc5 16. e4 d5 17. exd5 Nxd5 18. Qe4 N7f6 19. Qe5 Rfd8 20. Bc2 Rab8 21.
Qg3 Qc7 22. Nfe5 Nb6 23. Nxb6 Qxb6 24. Nc4 Qa7 25. Rad1 Bd5 26. Ne5 Qc7 27. c4
Ba8 28. Rxd8+ Rxd8 29. Rd1 Rxd1+ 30. Bxd1 Qd6 31. Nd3 Qd4 32. Qe3 Qxc4 33. Qxc5
Qe4 34. f3 Qb7 35. Bc2 Nd5 36. Kh1 h5 37. h3 g6 38. Qd4 Qc7 39. Bb3 Ne7 40. Qf6
Nf5 41. Bxe6 fxe6 42. Qxe6+ Kh7 43. Qxa6 Bd5 44. Qf6 Qg3 45. Ne5 Qe1+ 46. Kh2
Qg3+ 47. Kg1 Ng7 48. Nd7 Be6 49. Nf8+ Kh6 50. Nxe6 Qe1+ 51. Kh2 Nxe6 52. f4 Ng7
53. Qg5+ Kh7 54. a5 Nf5 55. a6 Qe6 56. a7 Qa6 57. a8=Q Qxa8 58. g4 Ng7 59. f5
Qb8+ 60. Kg1 Qb6+ 61. Kf1 gxf5 62. gxf5 Qb5+ 63. Ke1 Qxf5 64. Qxf5+ Nxf5 65.
Kd2 Kg6 66. Kd3 Kg5 67. b4 Nd6 0-1

[Event "VII Festival A"]
[Site "Savigliano ITA"]
[Date "2009.05.30"]
[Round "4"]
[White "Porzio, Franco"]
[Black "Torrione, William"]
[Result "0-1"]
[WhiteElo "1649"]
[BlackElo "1939"]
[PlyCount "40"]
[EventDate "2009.05.28"]

1. e4 e5 2. Nf3 Nf6 3. Nxe5 d6 4. Nf3 Nxe4 5. d4 d5 6. Bd3 Nc6 7. O-O Be7 8.
Re1 Bg4 9. c3 f5 10. Be3 O-O 11. Bf4 g5 12. Be5 Nxe5 13. dxe5 Bc5 14. Rf1 c6
15. Nbd2 Qb6 16. Qe2 Qxb2 17. Nxe4 Qxe2 18. Bxe2 dxe4 19. Nd4 Bxd4 20. cxd4
Bxe2 0-1

[Event "VII Festival A"]
[Site "Savigliano ITA"]
[Date "2009.05.30"]
[Round "4"]
[White "Pulito, Alberto"]
[Black "Godena, Michele"]
[Result "1/2-1/2"]
[WhiteElo "2256"]
[BlackElo "2538"]
[PlyCount "27"]
[EventDate "2009.05.28"]

1. e4 e5 2. d4 exd4 3. Qxd4 Nc6 4. Qe3 Bb4+ 5. Nc3 Nf6 6. Bd2 O-O 7. O-O-O Re8
8. Qg3 Rxe4 9. f3 Bd6 10. f4 Re8 11. Bd3 b5 12. Nxb5 Bf8 13. Qh4 g6 14. Nf3
1/2-1/2

[Event "VII Festival A"]
[Site "Savigliano ITA"]
[Date "2009.05.30"]
[Round "4"]
[White "Roversi, Stefano"]
[Black "Ravazzolo, Gildo"]
[Result "1-0"]
[WhiteElo "1871"]
[BlackElo "1479"]
[PlyCount "65"]
[EventDate "2009.05.28"]

1. e4 g6 2. d4 Bg7 3. Nf3 d6 4. Bd3 Nf6 5. h3 O-O 6. O-O c6 7. Be3 b5 8. Qd2
Nbd7 9. Bh6 e5 10. Bxg7 Kxg7 11. Nc3 Bb7 12. d5 cxd5 13. exd5 b4 14. Ne4 Nxe4
15. Bxe4 Nf6 16. Qxb4 Bxd5 17. Bxd5 Nxd5 18. Qd2 Nf4 19. Rad1 Rc8 20. c3 Qa5
21. Qxd6 Rfe8 22. Rfe1 Rcd8 23. Qc6 Re6 24. Qb7 Rxd1 25. Rxd1 Qxa2 26. Ng5 Rb6
27. Qe7 Rf6 28. Qxe5 Nd3 29. Qd4 Nf4 30. Re1 Qxb2 31. Nxh7 Ne2+ 32. Rxe2 Qxe2
33. Nxf6 1-0

[Event "VII Festival A"]
[Site "Savigliano ITA"]
[Date "2009.05.30"]
[Round "4"]
[White "Sotgia, Cosimo"]
[Black "Dominici, Alessandro"]
[Result "0-1"]
[WhiteElo "1859"]
[BlackElo "1823"]
[PlyCount "76"]
[EventDate "2009.05.28"]

1. e4 e6 2. d4 d5 3. Nc3 Bb4 4. Nge2 dxe4 5. a3 Be7 6. Nxe4 Nf6 7. N2g3 O-O 8.
c3 Nbd7 9. Bd3 Nxe4 10. Nxe4 f5 11. Ng3 c5 12. Qe2 Nf6 13. dxc5 Bxc5 14. Bg5
Bxf2+ 15. Kxf2 Ng4+ 16. Ke1 Qxg5 17. h4 Qf4 18. Nh5 Qc7 19. Rf1 Bd7 20. Nf4
Rae8 21. Kd2 e5 22. Nd5 Qd6 23. Bc4 Be6 24. Qd3 Rd8 25. Rad1 Bxd5 26. Ke2 Nf6
27. Rxf5 Qe6 28. Rxf6 Qxf6 29. Bxd5+ Kh8 30. Qg3 Qb6 31. b4 Qa6+ 32. c4 Rf4 33.
b5 Qf6 34. h5 Rf8 35. Qe3 Rf2+ 36. Kd3 Ra2 37. Rc1 Rxa3+ 38. Rc3 Qf1+ 0-1

[Event "VII Festival A"]
[Site "Savigliano ITA"]
[Date "2009.05.30"]
[Round "4"]
[White "Vinciguerra, Marco"]
[Black "Araniti, Michelangelo"]
[Result "1-0"]
[WhiteElo "2057"]
[BlackElo "1795"]
[PlyCount "69"]
[EventDate "2009.05.28"]

1. e4 e6 2. c4 c5 3. Nc3 Nc6 4. Nge2 e5 5. d3 h6 6. f4 d6 7. f5 Be7 8. g3 Nd4
9. Nxd4 cxd4 10. Nd5 Nf6 11. Nxe7 Qxe7 12. Bd2 Bd7 13. Be2 Bc6 14. b4 b6 15. a4
Nd7 16. O-O O-O 17. Qe1 Kh7 18. Qf2 f6 19. Bh5 Rh8 20. Bg6+ Kg8 21. Be1 Nf8 22.
Bh5 Be8 23. Bxe8 Qxe8 24. Qa2 Qf7 25. a5 Nd7 26. axb6 Nxb6 27. c5 dxc5 28. bxc5
Qxa2 29. Rxa2 Nc8 30. Rb2 Kf7 31. Rb7+ Ne7 32. Ba5 Rhb8 33. c6 Rxb7 34. cxb7
Rb8 35. Rb1 1-0

[Event "VII Festival A"]
[Site "Savigliano ITA"]
[Date "2009.05.31"]
[Round "5"]
[White "Di Chiara, Mauro"]
[Black "Vinciguerra, Marco"]
[Result "1-0"]
[WhiteElo "1869"]
[BlackElo "2057"]
[PlyCount "51"]
[EventDate "2009.05.28"]

1. Nf3 e6 2. d4 Nf6 3. c4 b6 4. g3 Bb7 5. Bg2 Bb4+ 6. Bd2 Qe7 7. a3 Bxd2+ 8.
Qxd2 d6 9. O-O Nbd7 10. Nc3 O-O 11. b4 c5 12. bxc5 dxc5 13. d5 exd5 14. cxd5
Ne5 15. Nxe5 Qxe5 16. e4 Rfe8 17. Rfe1 a6 18. Rad1 b5 19. f4 Qh5 20. e5 b4 21.
exf6 bxc3 22. Qxc3 Rxe1+ 23. Rxe1 Rc8 24. Bf3 Qf5 25. fxg7 Qg6 26. d6 1-0

[Event "VII Festival A"]
[Site "Savigliano ITA"]
[Date "2009.05.31"]
[Round "5"]
[White "Finocchiaro, Gianluca"]
[Black "Faraoni, Enrico"]
[Result "1/2-1/2"]
[WhiteElo "2064"]
[BlackElo "2085"]
[PlyCount "20"]
[EventDate "2009.05.28"]

1. e4 g5 2. Bc4 e6 3. d4 a6 4. a4 Bg7 5. Nc3 Nc6 6. Be3 h6 7. Nge2 d6 8. Ng3
Nf6 9. Qd2 e5 10. d5 Ne7 1/2-1/2